<?xml version="1.0" encoding="UTF-8"?>
<record
    xmlns:xsi="http://www.w3.org/2001/XMLSchema-instance"
    xsi:schemaLocation="http://www.loc.gov/MARC21/slim http://www.loc.gov/standards/marcxml/schema/MARC21slim.xsd"
    xmlns="http://www.loc.gov/MARC21/slim">

  <leader>00910nam a2200169 a 4500</leader>
  <controlfield tag="001">000041733</controlfield>
  <controlfield tag="005">20201002035726.0</controlfield>
  <controlfield tag="008">131016s2004    sp            000 0 spa d</controlfield>
  <datafield tag="040" ind1=" " ind2=" ">
    <subfield code="a">DO-SdBNP</subfield>
    <subfield code="b">spa</subfield>
    <subfield code="c">BNPHU</subfield>
  </datafield>
  <datafield tag="100" ind1="1" ind2=" ">
    <subfield code="a">Azc&#xE1;rraga Servet, Mar&#xED;a Josefa</subfield>
    <subfield code="9">68574</subfield>
  </datafield>
  <datafield tag="245" ind1="1" ind2="3">
    <subfield code="a">La Masoras :</subfield>
    <subfield code="b">del libro de Lev&#xED;tico :</subfield>
    <subfield code="b">c&#xED;dice MI de la Universidad Computense de Madrid /</subfield>
    <subfield code="c">Mar&#xED;a Josefa Azc&#xE1;rraga Servet.</subfield>
  </datafield>
  <datafield tag="260" ind1=" " ind2=" ">
    <subfield code="a">Madrid :</subfield>
    <subfield code="b">Instituto de Filolog&#xED;a del CSIC, Departamento de Filolog&#xED;a B&#xED;blica y de Oriente Antiguo,</subfield>
    <subfield code="c">2004.</subfield>
  </datafield>
  <datafield tag="300" ind1=" " ind2=" ">
    <subfield code="a">v.</subfield>
    <subfield code="a">27 cm.</subfield>
  </datafield>
  <datafield tag="490" ind1="1" ind2=" ">
    <subfield code="a">Textos y estudios "Cardenal Cisneros" de la bibl&#xED;a pol&#xED;glota matritense ;</subfield>
    <subfield code="v">74</subfield>
  </datafield>
  <datafield tag="710" ind1="2" ind2=" ">
    <subfield code="a">Instituto de Filolog&#xED;a (Consejo Superior de Investigaciones Cient&#xED;ficas (Espa&#xF1;a) Departamento de Filolog&#xED;a B&#xED;blica y de Oriente Antiguo,</subfield>
    <subfield code="9">68575</subfield>
  </datafield>
  <datafield tag="830" ind1=" " ind2="0">
    <subfield code="a">Textos y estudios "Cardenal Cisneros" de la bibl&#xED;a pol&#xED;glota matritense ;</subfield>
    <subfield code="v">74</subfield>
    <subfield code="9">15280</subfield>
  </datafield>
  <datafield tag="952" ind1=" " ind2=" ">
    <subfield code="0">0</subfield>
    <subfield code="1">0</subfield>
    <subfield code="5">0</subfield>
    <subfield code="7">1</subfield>
    <subfield code="8">MO</subfield>
    <subfield code="a">GR</subfield>
    <subfield code="b">GR</subfield>
    <subfield code="c">CT</subfield>
    <subfield code="d">2013-10-16</subfield>
    <subfield code="i">LF1</subfield>
    <subfield code="l">0</subfield>
    <subfield code="o"> </subfield>
    <subfield code="p">41733-10</subfield>
    <subfield code="r">2020-06-25</subfield>
    <subfield code="w">2020-06-25</subfield>
    <subfield code="y">1</subfield>
    <subfield code="Z">No se presta</subfield>
  </datafield>
  <datafield tag="999" ind1=" " ind2=" ">
    <subfield code="c">41222</subfield>
    <subfield code="d">41222</subfield>
  </datafield>
</record>
